Responses for Show #9109 - Thursday, May 23, 2024

Amar Kakirde game 2.

Contestants

[<< previous game]

Liz Capouch, a knowledgebase specialist from Blaine, Minnesota

Brendan Gilfillan, a consultant from Alexandria, Virginia

Amar Kakirde, a graduate student from Lake Hiawatha, New Jersey (whose 1-day cash winnings total $16,600)

[next game >>]

Jeopardy! Round responses

LIT TITLES BY THE NUMBERS
IT'S A PLANE
THE REAL TAGLINES OF THE REAL HOUSEWIVES
"STOP" THE PRESSES!
ONE FOR THE MONEY
2 FOR THE SHOW
    $200 30
Fahrenheit 451

Brendan
    $200 26
[ERRATUM: When an Air Force C-32 carries the first lady, it will use the call sign Air Force One Foxtrot. Otherwise, the C-32 will operate under a Special Air Mission callsign that includes the aircraft tail number.]

Air Force Two

Brendan
    $200 29
diamonds

Liz
    $200 17
shortstop

Brendan
    $200 16
a peso

Liz
    $200 28
Barbenheimer

Brendan
    $400 27
(Ken: It may be good that you haven't read [*].)
...
(Liz: Oh.)
(Brendan: Definitely not.)

50 Shades of Grey

Triple Stumper
    $400 22
a satellite

Brendan
    $400 24
a plastic surgeon

Amar
    $400 7
stop motion

Liz
    $400 1
cotton

Liz
    $400 23
(Brendan: Who's Cary Grant?)
...
[Laughter when Ken imitates [*]]

Jimmy Stewart

Brendan
Triple Stumper
    $600 8
206 bones

Triple Stumper
    $600 11
circumnavigate the globe

Amar
    $600 4
a mug shot

Liz
    $600 2
a gobstopper

Brendan
    $600 12
Venezuela

Amar
    $600 3
Tarantino

Brendan
    $800 9
Catch-22

Brendan
    $800 10
U-2

Brendan
    $800 20
a trophy wife

Triple Stumper
    $800 5
stopgap

Amar
    $800 6
Liberté, Egalité & Fraternité

Amar
    $800 19
(Brendan: What is The Ooze?)

The Blob

Brendan
Triple Stumper
    $1000 18
[Ken gave the response without the second definite article.]

The House of the Seven Gables

Triple Stumper
    $1000 15
(Amar: What is Sydney?)
...
(Ken: To win the contest it just had to get to [*]; in fact it was headed for Darwin.)

Australia

Amar
Triple Stumper
    $1000 25
Miss Congeniality

Brendan
    $1000 14
a show stopper

Amar
    $2,800 13
(Amar: Um... what is a piastre?)
(Ken: Sorry, no, named for Florence is [*].)

the florin

Amar
    $1000 21
(Ken: She plays multiple parts in those movies--[*].)

Mia Goth

Triple Stumper

Scores at the first commercial break (after clue 15):

Amar Brendan Liz
$0 $2,800 $1,400

Scores at the end of the Jeopardy! Round:

Amar Brendan Liz
$400 $3,800 $1,800

Double Jeopardy! Round responses

CONGRESS ACTED UP
MEN OF SCIENCE
NAME, THE EXPRESSION
SIGNATURE SONGS
MISTAKEN IDENTITY
WHERE IN "THE" WORLD?
    $400 28
Dakota Territory

Liz
    $400 29
Archimedes

Amar
    $400 24
a Freudian slip

Amar
    $400 23
"Umbrella"

Liz
    $400 30
Shaggy

Amar
    $400 20
the Hamptons

Brendan
    $800 26
(Ken: Less than a minute to go.)

stimulus

Brendan
    $800 25
Voyager

Triple Stumper
    $800 6
(Brendan: What is money laundering?)

to rob Peter to pay Paul

Brendan
Triple Stumper
    $800 16
(Brendan: I'm a--what is I'm a [*]?)

"Loser"

Brendan
    $800 18
a funeral

Amar
    $800 19
the Rhineland

Amar
    $1200 27
McCain

Liz
    $1200 5
Heisenberg

Liz
    $3,000 7
(Liz: What is fried?)

on the fritz

Liz
    $1200 14
(Brendan: What is "da club"?)
(Ken: Uhhhh... no, I'm sorry.)
...
(Ken: That's the name of the song, yes.)

in da club

BrendanLiz
    $1200 13
John Brown

Brendan
    $1200 1
the 5

Triple Stumper
    $1,200 9
(Amar: Uh... what is Nicaragua?)

Cuba

Amar
    $1600 4
superconductors

Triple Stumper
    $1600 11
John Bull

Amar
    $1600 15
"(Don't Fear) The Reaper"

Amar
    $1600 17
The Comedy of Errors

Amar
    $1600 2
(Amar: What is the Bosphorus?)

the Dardanelles

Amar
Triple Stumper
    $2000 10
(Brendan: What is the Homestead Act?)

the Volstead Act

Brendan
Triple Stumper
    $2000 8
Linnaeus

Amar
    $2000 12
rich as Croesus

Amar
    $2000 22
[ERRATUM: The singer's first name is Hayley.]

Paramore

Liz
    $2000 21
(Ken: That's King Arthur's dad, [*].)

Uther Pendragon

Triple Stumper
    $2000 3
the Maghreb

Triple Stumper

Scores at the end of the Double Jeopardy! Round:

Amar Brendan Liz
$9,200 $3,000 $5,200

[wagering suggestions for these scores]

Final Jeopardy! Round responses

ARTWORK
BrendanWhat is the red sea?
$2,900
LizWhat is the Sea of Galilee?
$0
AmarWhat is the Red Sea?
$1,201
the Sea of Galilee

Final scores:

Amar Brendan Liz
$7,999 $100 $5,200
2-day champion: $24,599 3rd place: $2,000 2nd place: $3,000

Game dynamics:

Coryat scores:

Amar Brendan Liz
$13,200 $3,000 $8,200
16 R,
4 W
(including 2 DDs)
14 R,
5 W
11 R,
1 W
(including 1 DD)

Combined Coryat: $24,400

[game clues] [game scores] [suggest correction]

Game tape date: 2024-04-08
The J! Archive is created by fans, for fans. Scraping, republication, monetization, and malicious use prohibited; this site may use cookies and collect identifying information. See terms. The Jeopardy! game show and all elements thereof, including but not limited to copyright and trademark thereto, are the property of Jeopardy Productions, Inc. and are protected under law. This website is not affiliated with, sponsored by, or operated by Jeopardy Productions, Inc. Join the discussion at JBoard.tv.